[Event "Voronezh op-B 20th"]
[Site "Voronezh"]
[Date "2016.06.21"]
[Round "9"]
[White "Filippov, Ivan"]
[Black "Permin, Viktor"]
[Result "1/2-1/2"]
[WhiteElo "2045"]
[BlackElo "1993"]
[PlyCount "105"]
[EventDate "2016.06.12"]
[EventType "swiss"]
[EventRounds "9"]
[EventCountry "RUS"]
[SourceTitle "EXT 2017"]
[Source "ChessBase"]
[SourceDate "2016.10.25"]
[SourceVersion "1"]
[SourceVersionDate "2016.10.25"]
[SourceQuality "1"]

1. d4 Nf6 2. Nf3 e6 3. c4 b6 4. g3 Bb7 5. Bg2 Bb4+ 6. Nbd2 Ne4 7. a3 Nxd2 8. Bxd2 Bxd2+ 9. Qxd2 Be4 10. Rc1 0-0 11. 0-0 d6 12. Qf4 f5 13. c5 Nc6 14. Rfd1 h6 15. cxd6 cxd6 16. d5 e5 17. Qd2 Ne7 18. Ne1 Bxg2 19. Nxg2 Qd7 20. e3 Rfc8 21. f3 Rxc1 22. Rxc1 Rc8 23. e4 fxe4 24. fxe4 Rxc1+ 25. Qxc1 Qc8 26. Qxc8+ Nxc8 27. Ne3 g6 28. Nc4 Kf7 29. Kf2 Kf6 30. a4 a6 31. Ke3 Ke7 32. Kd3 Kd7 33. a5 b5 34. Ne3 Ne7 35. Nc2 Kc7 36. Nb4 Kb7 37. Ke3 g5 38. Kf3 h5 39. h3 Ng8 40. Nc6 Nf6 41. Nd8+ Kc8 42. Nf7 g4+ 43. hxg4 hxg4+ 44. Ke3 Kd7 45. Nh6 Kc7 46. Nf5 Kd7 47. Kd3 Ne8 48. Ne3 Nf6 49. Nc2 Kc7 50. b3 Nh5 51. Ne3 Nf6 52. Nd1 Nh5 53. Ne3 1/2-1/2

[Event "Voronezh op-B 20th"]
[Site "Voronezh"]
[Date "2016.06.15"]
[Round "4"]
[White "Permin, Viktor"]
[Black "Provkin, Vladimir"]
[Result "1/2-1/2"]
[WhiteElo "1993"]
[BlackElo "2173"]
[PlyCount "80"]
[EventDate "2016.06.12"]
[EventType "swiss"]
[EventRounds "9"]
[EventCountry "RUS"]
[SourceTitle "EXT 2017"]
[Source "ChessBase"]
[SourceDate "2016.10.25"]
[SourceVersion "1"]
[SourceVersionDate "2016.10.25"]
[SourceQuality "1"]

1. d4 Nf6 2. c4 g6 3. Nc3 Bg7 4. e4 d6 5. Nf3 0-0 6. Be2 Na6 7. Bg5 Qe8 8. 0-0 e5 9. d5 Nh5 10. Ne1 Nf4 11. Nd3 h6 12. Nxf4 hxg5 13. Nd3 Bf6 14. Bg4 Kg7 15. f3 c6 16. Bxc8 Rxc8 17. dxc6 bxc6 18. Qa4 Nc7 19. Qxa7 Ne6 20. Qf2 Bd8 21. c5 Qe7 22. b4 f5 23. Rad1 dxc5 24. Nxe5 Nd4 25. bxc5 Qxe5 26. Qxd4 Bf6 27. Qxe5 Bxe5 28. Ne2 Ra8 29. Nd4 Bxd4+ 30. Rxd4 Rxa2 31. Rd7+ Rf7 32. Rd6 Rb7 33. exf5 gxf5 34. Rfd1 Rbb2 35. Rd7+ Kf8 36. Rd8+ Ke7 37. R8d7+ Ke8 38. Rd8+ Ke7 39. R8d7+ Ke8 40. Rd8+ Ke7 1/2-1/2

[Event "Voronezh op-B 20th"]
[Site "Voronezh"]
[Date "2016.06.14"]
[Round "3"]
[White "Podkopaev, Mikhail"]
[Black "Permin, Viktor"]
[Result "1/2-1/2"]
[WhiteElo "2026"]
[BlackElo "1993"]
[PlyCount "44"]
[EventDate "2016.06.12"]
[EventType "swiss"]
[EventRounds "9"]
[EventCountry "RUS"]
[SourceTitle "EXT 2017"]
[Source "ChessBase"]
[SourceDate "2016.10.25"]
[SourceVersion "1"]
[SourceVersionDate "2016.10.25"]
[SourceQuality "1"]

1. e4 c5 2. Nc3 Nc6 3. g3 g6 4. Bg2 Bg7 5. d3 e6 6. f4 Nge7 7. Nf3 d5 8. 0-0 dxe4 9. Nxe4 0-0 10. g4 f5 11. gxf5 exf5 12. Nf2 Nd5 13. c3 Qd6 14. Qb3 Na5 15. Qa4 b6 16. d4 cxd4 17. Nxd4 Bb7 18. Nh3 Qc5 19. Nf2 Nxc3 20. bxc3 Bxg2 21. Kxg2 Qxc3 22. Ne6 Qxa1 1/2-1/2

[Event "Voronezh op-B 20th"]
[Site "Voronezh"]
[Date "2016.06.13"]
[Round "2"]
[White "Permin, Viktor"]
[Black "Beldyugin, Alexey"]
[Result "1/2-1/2"]
[WhiteElo "1993"]
[BlackElo "2121"]
[PlyCount "121"]
[EventDate "2016.06.12"]
[EventType "swiss"]
[EventRounds "9"]
[EventCountry "RUS"]
[SourceTitle "EXT 2017"]
[Source "ChessBase"]
[SourceDate "2016.10.25"]
[SourceVersion "1"]
[SourceVersionDate "2016.10.25"]
[SourceQuality "1"]

1. d4 d6 2. Nf3 Nc6 3. Bf4 g6 4. c3 Bg7 5. e4 Nf6 6. Bd3 Nh5 7. Be3 e5 8. Bb5 Bd7 9. d5 Nb8 10. Bxd7+ Nxd7 11. Qd2 h6 12. g4 Nhf6 13. Qe2 Nxe4 14. Bxh6 Nxc3 15. Nxc3 Bxh6 16. h4 Bf4 17. Ne4 f5 18. gxf5 gxf5 19. Neg5 Qe7 20. Ne6 Nc5 21. Nxf4 exf4 22. Qxe7+ Kxe7 23. 0-0-0 Kf6 24. Nd4 Rae8 25. f3 Re3 26. Kc2 a5 27. h5 Re5 28. Rdg1 Rxd5 29. Rg6+ Kf7 30. Ne2 Nd3 31. Rhg1 Rxh5 32. Rg7+ Ke8 33. Rxc7 Rc5+ 34. Rxc5 Nxc5 35. Nxf4 Rh2+ 36. Rg2 Rxg2+ 37. Nxg2 Ke7 38. Kc3 Na4+ 39. Kb3 Nb6 40. Kc3 Nd7 41. Kd4 Ne5 42. f4 Nc6+ 43. Kc4 Ke6 44. Ne3 Nb4 45. Kb5 Nxa2 46. Kxa5 Nc1 47. Kb6 Nd3 48. Kxb7 Nxf4 49. Kc6 d5 50. b4 d4 51. Nc4 Nd5 52. b5 d3 53. Kc5 Nc3 54. Kd4 Nxb5+ 55. Kxd3 Nc7 56. Ke3 Nd5+ 57. Kf3 Kf6 58. Nd6 f4 59. Ne4+ Ke5 60. Ng3 fxg3 61. Kxg3 1/2-1/2

[Event "Chigorin Memorial 23rd"]
[Site "St Petersburg"]
[Date "2015.10.06"]
[Round "4"]
[White "Muromtsev, Arthur"]
[Black "Permin, Viktor"]
[Result "1-0"]
[WhiteElo "2265"]
[BlackElo "1978"]
[PlyCount "57"]
[EventDate "2015.10.03"]
[EventType "swiss"]
[EventRounds "9"]
[EventCountry "RUS"]
[SourceTitle "CBM 168 Extra"]
[Source "ChessBase"]
[SourceDate "2015.10.29"]
[SourceVersion "1"]
[SourceVersionDate "2015.10.29"]
[SourceQuality "1"]

1. d4 d5 2. Nc3 Nf6 3. Bg5 c5 4. Bxf6 gxf6 5. e4 Nc6 6. exd5 Nxd4 7. Nf3 Bg4 8. Nxd4 Bxd1 9. Bb5+ Qd7 10. Bxd7+ Kxd7 11. Rxd1 cxd4 12. Rxd4 f5 13. Rf4 e6 14. 0-0 Bg7 15. Rd1 Ke7 16. Rf3 Rac8 17. Rfd3 Bxc3 18. bxc3 Rc4 19. dxe6 fxe6 20. Rd7+ Kf6 21. R1d3 Ra4 22. Rxb7 Rxa2 23. f4 a5 24. Rdd7 a4 25. Rg7 Rf8 26. Rxh7 Rg8 27. Rbf7+ Kg6 28. h4 Ra1+ 29. Kh2 1-0

[Event "Astrakhan Region-ch"]
[Site "Astrakhan"]
[Date "2013.10.13"]
[Round "9"]
[White "Permin, Viktor"]
[Black "Ivlev, Aleksey"]
[Result "1/2-1/2"]
[WhiteElo "1789"]
[BlackElo "2081"]
[PlyCount "25"]
[EventDate "2013.10.05"]
[EventType "swiss"]
[EventRounds "9"]
[EventCountry "RUS"]
[SourceTitle "EXT 2014"]
[Source "ChessBase"]
[SourceDate "2013.11.20"]
[SourceVersion "1"]
[SourceVersionDate "2013.11.20"]
[SourceQuality "1"]

1. d4 c5 2. d5 e5 3. c4 d6 4. e4 Nf6 5. Nc3 Be7 6. Bd3 0-0 7. Nge2 Nbd7 8. 0-0 Re8 9. Ng3 g6 10. h4 h5 11. Nge2 Nh7 12. g3 Ndf6 13. f4 1/2-1/2

[Event "Astrakhan Region-ch"]
[Site "Astrakhan"]
[Date "2013.10.10"]
[Round "6"]
[White "Permin, Viktor"]
[Black "Akhmedzhanov, Kamil"]
[Result "0-1"]
[WhiteElo "1789"]
[BlackElo "2257"]
[PlyCount "76"]
[EventDate "2013.10.05"]
[EventType "swiss"]
[EventRounds "9"]
[EventCountry "RUS"]
[SourceTitle "EXT 2014"]
[Source "ChessBase"]
[SourceDate "2013.11.20"]
[SourceVersion "1"]
[SourceVersionDate "2013.11.20"]
[SourceQuality "1"]

1. d4 Nf6 2. Nf3 b6 3. g3 Bb7 4. Bg2 c5 5. c3 e6 6. 0-0 Be7 7. Nbd2 0-0 8. Re1 d6 9. e4 cxd4 10. Nxd4 Qc8 11. c4 Nbd7 12. b3 a6 13. Bb2 Qc7 14. f4 Rac8 15. Qe2 Ne8 16. f5 e5 17. Nc2 Nc5 18. Ne3 Nf6 19. Nd5 Nxd5 20. exd5 b5 21. Rac1 Qb6 22. Kh1 Bg5 23. h4 Bh6 24. Rc3 Qd8 25. Ne4 bxc4 26. bxc4 Nxe4 27. Bxe4 Re8 28. Rf1 f6 29. Qf2 Re7 30. Ba3 Qa5 31. Qc2 Rd7 32. Rb1 Ba8 33. Bb4 Qb6 34. c5 dxc5 35. Rxc5 Rdc7 36. Ba5 Rxc5 37. Rxb6 Rxc2 38. Bxc2 Bxd5+ 0-1

[Event "Astrakhan Region-ch"]
[Site "Astrakhan"]
[Date "2013.10.05"]
[Round "1"]
[White "Nurmukhanov, Timur"]
[Black "Permin, Viktor"]
[Result "1-0"]
[WhiteElo "2262"]
[BlackElo "1789"]
[PlyCount "85"]
[EventDate "2013.10.05"]
[EventType "swiss"]
[EventRounds "9"]
[EventCountry "RUS"]
[SourceTitle "EXT 2014"]
[Source "ChessBase"]
[SourceDate "2013.11.20"]
[SourceVersion "1"]
[SourceVersionDate "2013.11.20"]
[SourceQuality "1"]

1. e4 c5 2. Nf3 Nc6 3. Nc3 e5 4. d3 d6 5. Be3 Nge7 6. Qd2 Nd4 7. Ne2 Bg4 8. Nfg1 d5 9. Ng3 Ng6 10. h3 Be6 11. N1e2 Bd6 12. Nc3 Be7 13. exd5 Bxd5 14. Nxd5 Qxd5 15. c3 Nc6 16. Nf5 Bf6 17. 0-0-0 0-0 18. Kb1 b5 19. Be2 b4 20. c4 Qd7 21. Bg4 Qc7 22. Bxc5 Rfd8 23. Bf3 Nf4 24. Be4 Nxd3 25. Qe3 Nxc5 26. Qxc5 Rac8 27. Qxc6 Rxd1+ 28. Rxd1 Qxc6 29. Bxc6 Rxc6 30. b3 g6 31. Ne3 Be7 32. Rd5 f6 33. Rd7 Bc5 34. Nd5 Re6 35. f3 f5 36. Rc7 Bb6 37. Rc8+ Kg7 38. c5 Ba5 39. c6 e4 40. c7 Rc6 41. Rd8 Bxc7 42. Rd7+ Kh6 43. Rxc7 1-0

[Event "Astrakhan Gazprombank-B"]
[Site "Astrakhan"]
[Date "2013.03.08"]
[Round "7"]
[White "Permin, Viktor"]
[Black "Basov, Gennady"]
[Result "1-0"]
[WhiteElo "1799"]
[BlackElo "1670"]
[PlyCount "71"]
[EventDate "2013.03.02"]
[EventType "swiss"]
[EventRounds "9"]
[EventCountry "RUS"]
[SourceTitle "EXT 2014"]
[Source "ChessBase"]
[SourceDate "2013.11.20"]
[SourceVersion "1"]
[SourceVersionDate "2013.11.20"]
[SourceQuality "1"]

1. d4 Nf6 2. Nf3 e6 3. c4 c5 4. d5 exd5 5. cxd5 d6 6. Nc3 g6 7. e4 Bg7 8. Be2 0-0 9. 0-0 a6 10. a4 Re8 11. Nd2 Nbd7 12. Qc2 Qe7 13. f4 Rb8 14. Ra3 b6 15. Re1 Nh5 16. Bxh5 Qh4 17. Nf3 Qxh5 18. Ne2 Nf8 19. h3 f5 20. e5 g5 21. Ng3 Qg6 22. e6 Bb7 23. Rd1 g4 24. Nh4 Qf6 25. Ngxf5 gxh3 26. Rg3 hxg2 27. Kxg2 Ng6 28. Nxg6 hxg6 29. Nxd6 Re7 30. Qxg6 Qxg6 31. Rxg6 Kh7 32. Rg3 Bd4 33. Nf5 Ree8 34. Nxd4 cxd4 35. Rxd4 Rbd8 36. f5 1-0

[Event "Astrakhan Ritminform Cup-B"]
[Site "Astrakhan"]
[Date "2013.01.06"]
[Round "3"]
[White "Permin, Viktor"]
[Black "Belova, Svetlana"]
[Result "1-0"]
[WhiteElo "1822"]
[BlackElo "1580"]
[PlyCount "97"]
[EventDate "2013.01.04"]
[EventType "swiss"]
[EventRounds "9"]
[EventCountry "RUS"]
[SourceTitle "EXT 2014"]
[Source "ChessBase"]
[SourceDate "2013.11.20"]
[SourceVersion "1"]
[SourceVersionDate "2013.11.20"]
[SourceQuality "1"]

1. d4 d5 2. c4 c6 3. cxd5 cxd5 4. Nf3 Bg4 5. Nc3 e6 6. Ne5 Nf6 7. Bf4 Be7 8. Nxg4 Nxg4 9. e3 Nf6 10. Bb5+ Nbd7 11. 0-0 0-0 12. h3 a6 13. Bxd7 Qxd7 14. Na4 Qb5 15. Qb3 Qxb3 16. axb3 Rac8 17. Rac1 Ne4 18. Bc7 Nd2 19. Rfd1 Nxb3 20. Rc3 Bd8 21. Rxb3 Rxc7 22. Nc5 Be7 23. Rxb7 Rxb7 24. Nxb7 Rb8 25. Nc5 a5 26. Ra1 h6 27. Rxa5 Rxb2 28. Ra8+ Kh7 29. Ra7 Bd6 30. g3 Kg6 31. Rd7 Rb1+ 32. Kg2 Rb6 33. Nd3 Rc6 34. Ne1 Kf6 35. Nf3 Kg6 36. h4 f6 37. h5+ Kh7 38. Rd8 Bc7 39. Re8 Ba5 40. Nh4 g5 41. hxg6+ Kg7 42. Re7+ Kf8 43. Rf7+ Kg8 44. Ra7 Bc7 45. Ra8+ Kg7 46. Re8 e5 47. Re7+ Kg8 48. Nf5 exd4 49. g7 1-0